000 00475nab a2200145Ia 4500
003 ES-SlBCS
005 20210601125242.0
008 140529s1980 xxu||||| |||| 00| 0 eng d
041 _aeng
100 1 _aStromberg, Wayne H.
_9155987
245 0 0 _aWittgenstein and the Nativism Empirism Controversy
_c Wayne H. Stromberg
600 1 4 _aWittgenstein-Empirismo
_9155988
773 0 _tPhilosophy and Phenomenological Research
_gvol. 41, 1980, págs. 127-141
_wRev1411
942 _cAR
999 _c527271
_d527271